The lack of cleaner production in Costa Rica
Uloženo v:
| Hlavní autor: | |
|---|---|
| Médium: | Kniha |
| Jazyk: | Spanish |
| Vydáno: |
San José, Costa Rica
1994
|
| Tagy: |
Přidat tag
Žádné tagy, Buďte první, kdo vytvoří štítek k tomuto záznamu!
|
MARC
| LEADER | 00000nam a2200000Ia 4500 | ||
|---|---|---|---|
| 003 | MV0129 | ||
| 005 | 20230718134059.0 | ||
| 008 | 140116s1994 cr a 000 ||spa d | ||
| 040 | |c cru CEDI | ||
| 100 | |a Pujol Mesalles, Rosendo, 1951- |9 967 | ||
| 245 | |a The lack of cleaner production in Costa Rica | ||
| 260 | |a San José, Costa Rica |c 1994 | ||
| 300 | |a 16 páginas | ||
| 500 | |a Programa de Investigación sobre Desarrollo Urbano Sostenible Universidad de Costa Rica , preparado para el Tercer Seminario de Alto Nivel de Asesoramiento sobre Producción más Limpia , 12 14 de octubre Varsovia Polonia, Programa Ambiental de las Naciones Unidas | ||
| 942 | |c CEDI |h MV 129 |6 MV_129_000000000000000 | ||
| 999 | |c 13286 |d 13286 | ||
